| 000 | 01202nam a22002297a 4500 | ||
|---|---|---|---|
| 003 | BD-DhUL | ||
| 005 | 20160907111955.0 | ||
| 008 | 160907s2004 bg ||||| |||| 00| 0 ben | ||
| 020 | _a9844103282 | ||
| 040 |
_aBD-DhUL _cBD-DhUL |
||
| 082 |
_a954.92 _bMUK |
||
| 245 | 0 | 0 |
_aমুক্তিযুদ্ধে বরিশাল : _bপ্রত্যক্ষদর্শী ও অংশগ্রহনকারীর বিবরণ / _cপ্রধান সম্পাদক মঈদুল হাসান, সম্পাদক সুকুমার বিশ্বাস, নুরুল ইসলাম মঞ্জুর |
| 260 |
_aঢাকা : _bমাওলা বাদ্রার্স, _c২০০৩ |
||
| 300 |
_a ২৯৬ পৃ. ; _c২২ সেমি. |
||
| 365 |
_aBDT _b250.00 |
||
| 651 | 0 |
_aবাংলাদেশ _xইতিহাস |
|
| 651 | 0 |
_aBangladesh _xHistory |
|
| 700 | 1 |
_a হাসান, মঈদুল _eসম্পাদক |
|
| 700 | 1 |
_aবিশ্বাস, সুকুমার _eযুগ্ম সম্পাদক |
|
| 700 | 1 |
_a মঞ্জুর, নুরুল ইসলাম _eযুগ্ম সম্পাদক |
|
| 942 |
_2ddc _cBK |
||
| 999 |
_c104563 _d104563 |
||